La sociedad poscapitalista (Registro nro. 4272)

Detalles MARC
000 -LEADER
fixed length control field 01420 a2200229 4500
001 - CONTROL NUMBER
control field 47024
005 - DATE AND TIME OF LATEST TRANSACTION
control field 20260407155739.0
008 - FIXED-LENGTH DATA ELEMENTS--GENERAL INFORMATION
fixed length control field 260407a1993 arg spa d
003 - CONTROL NUMBER IDENTIFIER
control field AR-UNSa-BCEJYS
040 ## - CATALOGING SOURCE
Original cataloging agency AR-UNSa-BCEJYS
Language of cataloging spa
Transcribing agency AR-UNSa-BCEJYS
080 ## - UNIVERSAL DECIMAL CLASSIFICATION NUMBER
Universal Decimal Classification number 316.421:339.9
Common auxiliary subdivision Origen de las sociedades globales y estructura social, económico, político y cultural (Globalización)<br/>
020 ## - INTERNATIONAL STANDARD BOOK NUMBER
International Standard Book Number 950-07-0864-7
100 1# - MAIN ENTRY--PERSONAL NAME
Personal name Merino Sánchez, Maria Isabel
245 10 - TITLE STATEMENT
Title La sociedad poscapitalista
264 #1 - PRODUCTION, PUBLICATION, DISTRIBUTION, MANUFACTURE, AND COPYRIGHT NOTICE
Place of production, publication, distribution, manufacture Buenos Aires :
Name of producer, publisher, distributor, manufacturer Sudamericana
Date of production, publication, distribution, manufacture, or copyright notice 1993
300 ## - PHYSICAL DESCRIPTION
Extent 185 p.
Dimensions 23 cm.
505 ## - FORMATTED CONTENTS NOTE
Formatted contents note Primera Parte : SOCIEDAD : 1. Desde el capitalismo a la sociedad del saber - 2. La sociedad de las organizaciones - 3. Mano de obra, capital y su futuro - 4. La productividad de las nuevas fuerzas del trabajo - 5. La organización basad en la responsabilidad -- Segunda Parte : ORGANIZACIÓN POLÍTICA : 6. Del Estado-Nación al megaestado - 7. Trasnacionalismo, regionalismo y tribalismo - 8. El necesario cambio de rumbo del gobierno - 9. A la ciudadanía por el sector social -- Tercera Parte : EL SABER : 10. El saber : su economía, su productividad - 11. La escuela responsable - 12. La persona instruida.
590 ## - LOCAL NOTE (RLIN)
Local note niveau_biblio:m niveau_hierar:0
700 1# - ADDED ENTRY--PERSONAL NAME
Personal name Drucker, Peter Ferdinand
856 41 - ELECTRONIC LOCATION AND ACCESS
Uniform Resource Identifier <a href="https://www.biblioeco.unsa.edu.ar/pmb/images/libros/L127374.jpg">https://www.biblioeco.unsa.edu.ar/pmb/images/libros/L127374.jpg</a>
Link text Imagen de portada
Electronic format type image/jpeg
942 ## - ADDED ENTRY ELEMENTS (KOHA)
Koha item type
Existencias
Withdrawn status Lost status Damaged status Not for loan Home library Current library Shelving location Date acquired Total checkouts Full call number Barcode Date last seen Price effective from Koha item type
        Biblioteca Prof. Eusebio Cleto del Rey Biblioteca Prof. Eusebio Cleto del Rey   07/04/2026   316.421:339.9 D794 L127374 07/04/2026 07/04/2026 Libro